| 000 | 00697nam a2200229 a 4500 | ||
|---|---|---|---|
| 999 |
_c11258 _d11258 |
||
| 001 | 11258 | ||
| 003 | BD-JhCC | ||
| 005 | 20190819121334.0 | ||
| 008 | 190619s 2010bg |||| ||a| 000 0 ben d | ||
| 020 | _a9789848765388 | ||
| 035 | _a(BD-JhCC)11258 | ||
| 040 |
_aBD-JhCC _dBD-JhCC |
||
| 041 | _aben | ||
| 082 |
_a891.443 _bHAK 2010 |
||
| 100 | _aহাকিম, শেখ আবদুল | ||
| 245 |
_aবিষবৃক্ষ / _cশেখ আবদুল হাকিম । |
||
| 260 |
_aঢাকা: _bপ্রথমা প্রকাশন; _c২০১০. |
||
| 300 |
_a১৬০ পৃ . : _c২২ সেমি. |
||
| 650 | _aNovel | ||
| 942 |
_2ddc _cBK |
||